Stadt zu Land - Kachelauswahl - Statistiken

Allgemein
  • Dieses Quiz wurde 8.733 mal gespielt
  • Das Durchschnittsergebnis liegt bei 44 aus 60
Antwortstatistiken
Frage Kachel Select % Korrekt
Brasilien Rio de Janeiro Ja
97%
Frankreich Palermo Nein
93%
Frankreich Paris Ja
93%
Brasilien São Paulo Ja
93%
Frankreich Saragossa Nein
93%
Frankreich Bordeaux Ja
91%
Frankreich Genf Nein
91%
Frankreich Lyon Ja
91%
Brasilien Buenos Aires Nein
90%
Indien Chongqing Nein
90%
Frankreich Jaunde Nein
89%
Brasilien La Paz Nein
89%
Indien Mumbai Ja
89%
Mexiko Panama-Stadt Nein
89%
Indien Colombo Nein
88%
Russland Tiflis Nein
88%
Frankreich Toulouse Ja
88%
Mexiko Bilbao Nein
87%
Brasilien Córdoba Nein
87%
Frankreich Gent Nein
87%
Russland Ulaanbaatar Nein
87%
Frankreich Monaco Nein
86%
Brasilien Cochabamba Nein
85%
Russland Almaty Nein
84%
Mexiko Malabo Nein
84%
Russland Sapporo Nein
84%
Russland Wladiwostok Ja
84%
Frankreich Lille Ja
83%
Russland Urumqi Nein
81%
Russland Nowosibirsk Ja
80%
Mexiko San Diego Nein
80%
Brasilien Valparaíso Nein
80%
Indien Thimphu Nein
78%
Russland Donezk Nein
77%
Indien Chittagong Nein
76%
Indien Lhasa Nein
76%
Mexiko Tucson Nein
76%
Russland Sotschi Ja
73%
Indien Kalkutta Ja
71%
Russland Nischni Nowgorod Ja
71%
Russland Charkiw Nein
70%
Mexiko Tijuana Ja
68%
Mexiko Acapulco Ja
67%
Mexiko Guadalajara Ja
65%
Indien Karatschi Nein
64%
Mexiko Tegucigalpa Nein
60%
Indien Jaipur Ja
57%
Brasilien Manaus Ja
50%
Brasilien Recife Ja
50%
Mexiko El Paso Nein
47%
Mexiko Monterrey Ja
44%
Brasilien Belém Ja
41%
Frankreich Ajaccio Ja
39%
Russland Ufa Ja
39%
Mexiko Cabo San Lucas Ja
38%
Indien Agra Ja
37%
Indien Patna Ja
35%
Indien Ahmedabad Ja
33%
Brasilien Curitiba Ja
32%
Brasilien Salvador Ja
27%
Keine übereinstimmenden Quizze gefunden
Verteilung der Resultate
Anzahl Personen mit jedem Resultat
Perzentil nach korrekt beantworteten Fragen
Ihre Resultats-Entwicklung
Sie haben dieses Quiz noch nicht gespielt